000
00296nam a22001337a 4500
008
170609b xxu||||| |||| 00| 0 eng d
020
_a
9780520219113
041
_a
eng
080
_2
2ND
_a
94
100
_a
18
101
_a
SHH
245
_a
THE WESTERN WAY OF WAR
_c
HANSON,V.D
942
_2
udc
_c
BK
999
_c
16723
_d
16723